00432nam a22001337a 4500020001600000082001000016100001800026245007100044260003800115300002600153650004100179700002100220856005700241 qHard Cover. a621.3 aBaig, Anshrah aFOOD E-NOSE-Automatic Detection of Food Freshness /cAnshrah Baig. aIslamabad :bSEECS - NUST,c2019. a52 p. : ill. ;c30cm. aSoftware Engineering-Project Report. aDr. Ahmad Salman uhttp://10.250.8.41:8080/xmlui/handle/123456789/29600